000 00697nam a22002297a 4500
999 _c12913
_d12913
003 AR-CdUCM
008 190410b ||||| |||| 00| 0 spa d
040 _aMUNICIPALIDAD PROVINCIAL DEL CUSCO
_cBIBLIOTECA MUNICIPAL DEL CUSCO
082 _a869.508 /
_bD68 / 1973
100 _aDiez Canseco, José
_98262
245 _aDuque /
260 _aLima :
_bPEISA,
_c1973.
300 _a167 páginas ;
_c17 cm.
440 _aBiblioteca Peruana.
_911247
505 _aContenido: Novela.
650 _aNovelas peruanas
_9545
650 _aSiglo XX
_98
650 _aLiteratura
_983
710 _aGobierno Revolucionario del Perú (auspicio)
_931040
942 _2ddc
_cLIBROS
945 _aachl
_d2019-04-10